|
|
|
|
| LEADER |
01865nam a2200445 i 4500 |
| 001 |
EBC6424372 |
| 003 |
MiAaPQ |
| 005 |
20210530170409.0 |
| 006 |
m o d | |
| 007 |
cr cnu|||||||| |
| 008 |
210530s2020 ne a o 001 0 eng d |
| 020 |
|
|
|z 9789463720632
|q (print)
|
| 020 |
|
|
|z 9789048551064
|q (electronic bk.)
|
| 035 |
|
|
|a (MiAaPQ)EBC6424372
|
| 035 |
|
|
|a (Au-PeEL)EBL6424372
|
| 035 |
|
|
|a (OCoLC)1228043634
|
| 040 |
|
|
|a MiAaPQ
|b eng
|e rda
|e pn
|c MiAaPQ
|d MiAaPQ
|
| 043 |
|
|
|a e-sp---
|
| 050 |
|
4 |
|a DP96
|b .V575 2020
|
| 082 |
0 |
|
|a 946.01
|2 23
|
| 245 |
0 |
4 |
|a The visigothic kingdom :
|b the negotiation of power in post-Roman Iberia /
|c edited by Sabine Panzram and Paulo Pacha.
|
| 264 |
|
1 |
|a Amsterdam :
|b Amsterdam University Press,
|c [2020]
|
| 264 |
|
4 |
|c 2020
|
| 300 |
|
|
|a 1 online resource (408 pages) :
|b illustrations.
|
| 336 |
|
|
|a text
|b txt
|2 rdacontent
|
| 337 |
|
|
|a computer
|b c
|2 rdamedia
|
| 338 |
|
|
|a online resource
|b cr
|2 rdacarrier
|
| 490 |
1 |
|
|a Late Antique and Early Medieval Iberia
|
| 500 |
|
|
|a Includes index.
|
| 588 |
|
|
|a Description based on print version record.
|
| 590 |
|
|
|a Electronic reproduction. Ann Arbor, MI : ProQuest, 2018. Available via World Wide Web. Access may be limited to ProQuest affiliated libraries.
|
| 650 |
|
0 |
|a Political science.
|
| 651 |
|
0 |
|a Spain
|x History
|y Gothic period, 414-711.
|
| 655 |
|
4 |
|a Electronic books.
|
| 700 |
1 |
|
|a Pacha, Paulo,
|e editor.
|
| 700 |
1 |
|
|a Panzram, Paulo,
|e editor.
|
| 776 |
0 |
8 |
|i Print version:
|t Visigothic kingdom : the negotiation of power in post-Roman Iberia.
|d Amsterdam : Amsterdam University Press, c2020
|h 408 pages
|k Late antique and early medieval Iberia.
|z 9789463720632
|
| 797 |
2 |
|
|a ProQuest (Firm)
|
| 830 |
|
0 |
|a Late antique and early medieval Iberia.
|
| 856 |
4 |
0 |
|u https://ebookcentral.proquest.com/lib/matrademy/detail.action?docID=6424372
|z Click to View
|